Турбулентность и ее измерение: учебное пособие

التفاصيل البيبلوغرافية
المؤلف الرئيسي: Халатов А. А. Артем Артемович
مؤلف مشترك: Казанский авиационный институт им. А. Н. Туполева
مؤلفون آخرون: Щукин В. К. (редактор)
اللغة:الروسية
منشور في: Казань, [Б. и.], 1980
الموضوعات:
التنسيق: كتاب
KOHA link:https://koha.lib.tpu.ru/cgi-bin/koha/opac-detail.pl?biblionumber=363633

MARC

LEADER 00000nam0a2200000 4500
001 363633
005 20231102011617.0
035 |a (RuTPU)RU\TPU\retro\20980 
090 |a 363633 
100 |a 20211006d1980 m y0rusy50 ca 
101 0 |a rus 
102 |a RU 
105 |a a j 001zy 
200 1 |a Турбулентность и ее измерение  |e учебное пособие  |f А. А. Халатов  |g Казанский авиационный институт им. А. Н. Туполева ; под ред. В. К. Щукина 
210 |a Казань  |c [Б. и.]  |d 1980 
215 |a 52 с.  |c ил. 
320 |a Библиогр.: с. 51 
606 1 |a Турбулентность  |2 stltpush  |3 (RuTPU)RU\TPU\subj\62154  |9 79300 
610 1 |a физические основы 
610 1 |a измерение 
610 1 |a турбулентные течения 
610 1 |a учебные пособия 
675 |a 532.517.4(075.8)  |v 4 
700 1 |a Халатов  |b А. А.  |g Артем Артемович 
702 1 |a Щукин  |b В. К.  |4 340 
712 0 2 |a Казанский авиационный институт им. А. Н. Туполева  |c (1932-1992)  |2 stltpush  |3 (RuTPU)RU\TPU\col\10046  |9 24786 
801 1 |a RU  |b 63413507  |c 20211006 
942 |c BK